| 000 | 00485nam a2200169Ia 4500 | ||
|---|---|---|---|
| 005 | 20250508151641.0 | ||
| 008 | 008 250505s9999 xx 000 0 eng d | ||
| 037 | _aTextual | ||
| 040 |
_aFEDL _beng _cFEDL |
||
| 041 |
_aeng _2eng |
||
| 084 |
_a428, GAT _qFEDL |
||
| 100 |
_aGatenby E V _9757978 |
||
| 245 | 0 | _aDirect method english course. Book 2,3,4.5 | |
| 260 |
_aLondon, UK _bLongmans, Green and Co. _c1954 |
||
| 942 |
_cTEXL _h428, GAT |
||
| 999 |
_c1331155 _d1331155 |
||